000 00579nam a2200121Ia 4500
008 220615s9999||||xx |||||||||||||| ||und||
245 0 _aTransnational Archipelago
_bPerspectives on Cape Verdean Migration and Diaspora
546 _aEnglish[eng]
650 _apopular science||wetenschap algemeen
700 _aBatalha, Luís||Carling, Jørgen
856 _uhttps://library.oapen.org/bitstream/20.500.12657/35270/1/340060.pdf||https://library.oapen.org/bitstream/20.500.12657/35270/1/340060.pdf||https://library.oapen.org/bitstream/20.500.12657/35270/1/340060.pdf
942 _cEB
999 _c11816
_d11816